Statistics for Hypixel Skyblock Hard Test

Click here to take the quiz!

General Stats

  • This quiz has been taken 97 times
  • The average score is 9 of 15

Answer Stats

QuestionAnswer% Correct
What enchantment has this description: "Increases damage dealt to Magma Cubes, Slimes, and Creepers by 10-80%"?Cubism
95%
What is the official ip address for the Hypixel Skyblock server?mc.hypixel.net
95%
What enchantment has this description: "Gain 0.1-1% of mana used near you as Strength for 10 seconds, capping at 100 Strength"?Strong Mana
88%
How much does one piece of the Ender Armor set sell for at an NPC?10,000 coins
86%
What armor set increases your Defense by 1% for each percent of missing Health per piece?Protector Dragon Armor
83%
Which minion is not only expensive to craft, but is hard to maintain?Inferno Minion
81%
What Catacombs level do you need in order to use The Terminator?Level 27
77%
What skill category does the giraffe pet belong to?Foraging
76%
Which collection has the most item to collect?Mining
58%
What level of Blaze Slayer unlocks the Destruction Cloak recipe?Level 5
41%
What is the rarest obtainable rarity on the server?Very Special
39%
How much "Rift Time" does the Warding Trinket give you in "The Rift"?40 sec
36%
What enchantment level does "Vanomous" unlock at?Level 17
25%
What is the percentage of getting the Ender Artifact from the Dark Auction?7.315%
16%
How many NPCs are in the End Dimension?5
15%

Score Distribution

Percentile by Number Answered

Percent of People with Each Score

Your Score History

You have not taken this quiz